<?xml version="1.0" encoding="UTF-8"?>
<record
    xmlns:xsi="http://www.w3.org/2001/XMLSchema-instance"
    xsi:schemaLocation="http://www.loc.gov/MARC21/slim http://www.loc.gov/standards/marcxml/schema/MARC21slim.xsd"
    xmlns="http://www.loc.gov/MARC21/slim">

  <leader>02541nam a22003014c 4500</leader>
  <controlfield tag="003">AR-BaSMT</controlfield>
  <controlfield tag="008">260409b2025     aga|||br|||| 001 1 spa d</controlfield>
  <datafield tag="020" ind1=" " ind2=" ">
    <subfield code="a">9789878448459</subfield>
  </datafield>
  <datafield tag="040" ind1=" " ind2=" ">
    <subfield code="a">BSGB</subfield>
    <subfield code="b">espa&#xF1;ol</subfield>
    <subfield code="c">BSGB</subfield>
    <subfield code="e">rda</subfield>
  </datafield>
  <datafield tag="041" ind1="0" ind2=" ">
    <subfield code="a">spa</subfield>
    <subfield code="h">espa&#xF1;ol</subfield>
  </datafield>
  <datafield tag="080" ind1=" " ind2=" ">
    <subfield code="a">82-343</subfield>
  </datafield>
  <datafield tag="100" ind1="1" ind2=" ">
    <subfield code="a">Califa, Oche</subfield>
    <subfield code="9">347</subfield>
  </datafield>
  <datafield tag="245" ind1="1" ind2="0">
    <subfield code="a">Contame por qu&#xE9;... : </subfield>
    <subfield code="b">mitos y leyendas americanos</subfield>
  </datafield>
  <datafield tag="250" ind1=" " ind2=" ">
    <subfield code="a">Primera edici&#xF3;n</subfield>
  </datafield>
  <datafield tag="264" ind1=" " ind2="1">
    <subfield code="a">Buenos aires : </subfield>
    <subfield code="b">La estaci&#xF3;n , </subfield>
    <subfield code="c">2025</subfield>
  </datafield>
  <datafield tag="300" ind1=" " ind2=" ">
    <subfield code="a">48 p&#xE1;ginas ; </subfield>
    <subfield code="b">ilustraciones color</subfield>
  </datafield>
  <datafield tag="336" ind1=" " ind2=" ">
    <subfield code="2">rdacontent</subfield>
    <subfield code="a">texto</subfield>
    <subfield code="b">txt</subfield>
  </datafield>
  <datafield tag="337" ind1=" " ind2=" ">
    <subfield code="2">rdamedia</subfield>
    <subfield code="a">sin mediaci&#xF3;n</subfield>
    <subfield code="b">n</subfield>
  </datafield>
  <datafield tag="338" ind1=" " ind2=" ">
    <subfield code="2">rdacarrier</subfield>
    <subfield code="a">volumen</subfield>
    <subfield code="b">nc</subfield>
  </datafield>
  <datafield tag="490" ind1=" " ind2=" ">
    <subfield code="a">M&#xE1;quina de hacer lectores. Verdes</subfield>
  </datafield>
  <datafield tag="505" ind1=" " ind2=" ">
    <subfield code="a">&#xCD;NDICE:

&#xBF;POR QU&#xC9; SON AS&#xCD; LOS ANIMALES Y LAS PLANTAS?

&#xBF;Por qu&#xE9; el sapo tiene el cuerpo achatado?, p&#xE1;gina 8
&#xBF;Por qu&#xE9; los perros se huelen la colas?, p&#xE1;gina 10
&#xBF;Por qu&#xE9; el tigre odia al zorro?, p&#xE1;gina 12
&#xBF;Por qu&#xE9; se erizan los gatos? , p&#xE1;gina 15
&#xBF;Por qu&#xE9; la tortuga tiene ese aspecto?, p&#xE1;gina 16
&#xBF;Por qu&#xE9; la gallina picotea en la tierra y come lombrices?, p&#xE1;gina 18
&#xBF;Por qu&#xE9; el c&#xF3;ndor tiene golilla?, p&#xE1;gina 20
&#xBF;Por qu&#xE9; existen los peces y las focas?, p&#xE1;gina 24
&#xBF;Por qu&#xE9; los hombres no tienen cola y los monos s&#xED;?, p&#xE1;gina 27
&#xBF;Por qu&#xE9; el palo santo sirve para ahuyentar mosquitos?, p&#xE1;gina 28
&#xBF;Por qu&#xE9; las flores del michay son rojas y amarillas?, p&#xE1;gina 32

&#xBF;POR QU&#xC9; SON AS&#xCD; LAS COSAS?

&#xBF;Por qu&#xE9; sopla el viento zonda?, p&#xE1;gina 36
&#xBF;Por qu&#xE9; el sol alumbra m&#xE1;s que la luna?, p&#xE1;gina 39
&#xBF;Por qu&#xE9; nos enamoramos?, p&#xE1;gina 40
&#xBF;Por qu&#xE9; no llueve sobre la costa del Per&#xFA;? p&#xE1;gina 42
&#xBF;Por qu&#xE9; hay personas de diferentes tama&#xF1;os?, p&#xE1;gina 44
&#xBF;Por qu&#xE9; se producen los ecl&#xED;pces?, p&#xE1;gina 46
&#xBF;Por qu&#xE9; existen las llanuras y las monta&#xF1;as?, p&#xE1;gina 47
</subfield>
  </datafield>
  <datafield tag="520" ind1=" " ind2=" ">
    <subfield code="a">Contame por qu&#xE9;&#x2026; re&#xFA;ne mitos, cuentos populares y leyendas de nuestro continente recopilados por Oche Califa, un escritor amante de las historias que se cuentan en distintos pueblos de Am&#xE9;rica desde tiempos antiguos para explicar el origen de las cosas. En estas p&#xE1;ginas se responde a una veintena de preguntas m&#xED;ticas, tales como por qu&#xE9; nos enamoramos, por qu&#xE9; el Sol alumbra m&#xE1;s que la Luna, por qu&#xE9; se erizan los gatos y muchas otras que vale la pena descubrir.</subfield>
    <subfield code="u">https://laestacioneditora.com/books/contame-por-que
0904/2026</subfield>
  </datafield>
  <datafield tag="521" ind1=" " ind2=" ">
    <subfield code="a">A partir de 9 a&#xF1;os</subfield>
  </datafield>
  <datafield tag="650" ind1=" " ind2="7">
    <subfield code="9">8</subfield>
    <subfield code="a">LITERATURA INFANTIL</subfield>
  </datafield>
  <datafield tag="650" ind1=" " ind2="7">
    <subfield code="9">103</subfield>
    <subfield code="a">MITOS Y LEYENDAS</subfield>
    <subfield code="z">Argentina</subfield>
  </datafield>
  <datafield tag="942" ind1=" " ind2=" ">
    <subfield code="2">ddc</subfield>
    <subfield code="a">BOOK</subfield>
  </datafield>
  <datafield tag="999" ind1=" " ind2=" ">
    <subfield code="c">620</subfield>
    <subfield code="d">620</subfield>
  </datafield>
  <datafield tag="952" ind1=" " ind2=" ">
    <subfield code="0">0</subfield>
    <subfield code="1">0</subfield>
    <subfield code="2">ddc</subfield>
    <subfield code="4">0</subfield>
    <subfield code="a">BSGB</subfield>
    <subfield code="b">BSGB</subfield>
    <subfield code="c">Marr&#xF3;n</subfield>
    <subfield code="e">donaci&#xF3;n  editorial</subfield>
    <subfield code="i">000865</subfield>
    <subfield code="l">0</subfield>
    <subfield code="o">82-343 CAL</subfield>
    <subfield code="p">000865</subfield>
    <subfield code="t">1</subfield>
    <subfield code="y">BOOK</subfield>
    <subfield code="f"></subfield>
  </datafield>
</record>
